Cricket: Most Wickets in Men's World Cups - Statistics

General Stats
  • This quiz has been taken 242 times
    232 since last reset
  • The average score is 12 of 24
Answer Stats
Country Innings Wickets Average Answer % Correct
AUS 39 71 18.19 Glenn McGrath
86%
SL 39 68 19.63 Muttiah Muralitharan
80%
AUS 28 65 19.29 Mitchell Starc
78%
AUS 17 35 17.97 Brett Lee
67%
IND 18 55 13.52 Mohammed Shami
66%
IND 23 44 20.22 Zaheer Khan
66%
PAK 36 55 23.83 Wasim Akram
65%
PAK 19 34 19.26 Imran Khan
60%
NZ 29 53 25.54 Trent Boult
60%
IND 20 38 19.57 Jasprit Bumrah
59%
NZ 22 41 27.07 Tim Southee
59%
SL 28 56 22.87 Lasith Malinga
58%
AUS 23 34 30.05 Pat Cummins
51%
NZ 31 36 32.44 Daniel Vettori
50%
SL 31 49 21.22 Chaminda Vaas
49%
BAN 36 43 36.06 Shakib Al Hasan
46%
SA 25 38 24.02 Allan Donald
41%
PAK 14 34 21.02 Shaheen Shah Afridi
40%
IND 33 44 27.81 Javagal Srinath
26%
SA 21 40 21.17 Imran Tahir
17%
AUS 20 34 19.23 Brad Hogg
14%
AUS 18 34 21.50 Shaun Tait
11%
NZ 23 36 21.33 Jacob Oram
8%
PAK 20 35 26.45 Wahab Riaz
8%
No matching quizzes found
Score Distribution
Percent of People with Each Score
Percentile by Number Answered
Your Score History
You have not taken this quiz since the last reset